00691 2200241 4500001002100000005001700021008004100038020002200079035002500101040001200126082001800138084001800156090001800174100003000192245007800222250001100300260003100311300002200342500003100364650002000395850001200415990002200427INLIS00000000000114920150526143440.0  a978-979-21-3686-9 a0010-121400000000231 aYOPDYOG aDEP 230 Kri I aDEP 230 Kri I aDEP 230 Kri I aKRISPURWANA CAHYADI, S.J. aIgnasius :bWarisan rohani dan cara bertindakc/ Krispurwana Cahyadi S.J. aCet. 1 aYogyakartabKanisiusc2013 a511 hlm. ;c23 cm aBibliografi : hlm. 495-511 aTeologi Kristen aYOPDYOG aCB-D.11-2013-1008